000 00256nam a22001097a 4500
008 170111b xxu||||| |||| 00| 0 eng d
020 _a9780827370746
041 _aeng
080 _a618.2
245 _aCOMMUNITY HEALTH NURSING
_cMULVEY, C.F
942 _2udc
_cBK
999 _c2692
_d2692